| 000 | 00665nam a22002057a 4500 | ||
|---|---|---|---|
| 003 | NUST | ||
| 005 | 20230117151815.0 | ||
| 008 | 190709b ||||| |||| 00| 0 eng d | ||
| 038 | _aMr. Zahoor | ||
| 082 | _a510 | ||
| 100 |
_aZameer, Yasir _917196 |
||
| 245 |
_aMHD Boundary Layer Flow and Heat Transfer Over a Stretching Sheet and a Moving Flat Plate / _cYasir Zameer |
||
| 260 |
_aIslamabad : _bSNS - NUST, _c2016. |
||
| 300 |
_a71 p. : ill. ; _c30cm |
||
| 500 | _aHardcover. | ||
| 650 |
_aMathematics - Mphil Thesis _917180 |
||
| 700 |
_aDr. Muhammad Asif Farooq _916455 |
||
| 856 | _uhttp://10.250.8.41:8080/xmlui/handle/123456789/4154 | ||
| 942 |
_2ddc _cTHE |
||
| 999 |
_c526221 _d526221 |
||